Tribunais Regionais Federais

Bibliographic Details
Format: Unknown
Language:Portuguese
Published: [Brasil] : [s.n.]
Subjects:
Online Access:Acceso restringido

MARC

LEADER 00000ny a22000003n 4500
005 20110510135644.0
008 071017c19439999bl mr pss 0 a0por d
035 |a 2379 
040 |a BUS  |d vLex 
090 |c 1561  |d 1561 
245 3 0 |a Tribunais Regionais Federais  |h [Recurso electrn̤ico] 
246 3 |a TRF 
256 |a Servicio en ln̕ea 
260 |a [Brasil] :  |b [s.n.] 
650 0 4 |a Sentencias  |z Brasil  |x Publicaciones perid̤icas 
650 0 4 |a Tribunales  |z Brasil  |x Publicaciones perid̤icas 
740 0 |a vLex Revista (Servicios en ln̕ea) 
843 |a Electrn̤ica. Abierta 
853 |8 1  |i (year)  |j (month)  |k (day) 
856 4 0 |z Acceso restringido  |u http://vlex.com/account/login_ip?fuente_id=2379  
942 |c REV